Life Skills Education Through Drama: (Record no. 215133)

MARC details
000 -LEADER
fixed length control field 00640nam a22001817a 4500
005 - DATE AND TIME OF LATEST TRANSACTION
control field 20260303141034.0
010 ## - LCCN (DPL NO)
LC control number BACEN26
020 ## - INTERNATIONAL STANDARD BOOK NUMBER
International Standard Book Number 9789365577297
Terms of availability 1595.00
037 ## - SOURCE OF ACQUISITION
Source of stock number/acquisition Himalaya Publishing House
082 ## - DEWEY DECIMAL CLASSIFICATION NUMBER
Edition number 2
Classification number 371.33
100 ## - MAIN ENTRY--PERSONAL NAME
Personal name Rawal, Swaroop Sampat
245 ## - TITLE STATEMENT
Title Life Skills Education Through Drama:
Remainder of title An Interactive Manual For Growth/
Statement of responsibility, etc by Swaroop Sampat Rawal
250 ## - EDITION STATEMENT
Edition statement 2
260 ## - PUBLICATION, DISTRIBUTION, ETC. (IMPRINT)
Place of publication, distribution, etc Mumbai
Name of publisher, distributor, etc Himalaya Publishing House
Date of publication, distribution, etc 2025
270 ## - ADDRESS
Address Dr. Bhalerao Marg, Girgaon
City Mumbai
Postal code 400004
Telephone number 022-23860170
Electronic mail address himpub@bharatmail.co.in
300 ## - PHYSICAL DESCRIPTION
Extent 336p.
Dimensions 22cm(Hb)
942 ## - ADDED ENTRY ELEMENTS (KOHA)
Source of classification or shelving scheme Dewey Decimal Classification
Item type English Books
Classification part 371.33
Call number suffix RAW

No items available.


© Delhi Public Library
Hit Counter
free hit counter